Student study guide for use with chemistry

Quỹ Châu Á

সংরক্ষণ করুন:
গ্রন্থ-পঞ্জীর বিবরন
প্রধান লেখক: Chang, Raymond
বিন্যাস: গ্রন্থ
ভাষা:Undetermined
প্রকাশিত: Boston McGraw Hill; Irwin 2005
বিষয়গুলি:
অনলাইন ব্যবহার করুন:http://lrc.tdmu.edu.vn/opac/search/detail.asp?aID=2&ID=34499
ট্যাগগুলো: ট্যাগ যুক্ত করুন
কোনো ট্যাগ নেই, প্রথমজন হিসাবে ট্যাগ করুন!
Thư viện lưu trữ: Trung tâm Học liệu Trường Đại học Thủ Dầu Một
LEADER 00894nam a2200205Ia 4500
001 TDMU_34499
008 210410s9999 xx 000 0 und d
082 |a 650.1 
090 |b CH106 
100 |a Chang, Raymond 
245 0 |a Student study guide for use with chemistry 
245 0 |c Raymond Chang, Sharon Neal 
260 |a Boston 
260 |b McGraw Hill; Irwin 
260 |c 2005 
300 |a 560 p. 
520 |a Quỹ Châu Á  |c Tặng; 26 chapters: A short primer on learning chemistry; chemistry: the study of change; atoms, molecules&Ions; mass relationships in chemical reactions; reactions in a queous solutions; gases; thermochemistry; quantum theory and the Electronic structure of atoms;... 
650 |a Chemistry; Hóa học 
856 |u http://lrc.tdmu.edu.vn/opac/search/detail.asp?aID=2&ID=34499 
980 |a Trung tâm Học liệu Trường Đại học Thủ Dầu Một